AJR Charting Songs (Billboard Hot Rock) - Statistics

General Stats
  • This quiz has been taken 70 times
    14 since last reset
  • The average score is 10 of 21
Answer Stats
Album Weeks On Peak Artist(s) Song % Correct
Neotheater 1 Week #36 AJR Karma
80%
All You Need is Time (Deluxe Edition) 23 Weeks #21 Daisy The Great & AJR Record Player
80%
OK Orchestra 26 Weeks #5 AJR Way Less Sad
80%
OK Orchestra 37 Weeks #10 AJR World's Smallest Violin
80%
Neotheater 26 Weeks #7 AJR 100 Bad Days
60%
OK Orchestra 55 Weeks #2 AJR Bang!
60%
The Maybe Man 1 Week #34 AJR Inertia
60%
The Maybe Man 7 Weeks #19 AJR I Won't
60%
The Maybe Man 1 Week #29 AJR Maybe Man
60%
The Maybe Man 2 Weeks #24 AJR The DJ is Crying For Help
60%
The Maybe Man 20 Weeks #24 AJR Yes I'm a Mess
60%
Neotheater 1 Week #26 AJR Don't Throw Out My Legos
40%
What No One's Thinking 8 Weeks #35 AJR The Big Goodbye
40%
OK Orchestra 3 Weeks #28 AJR 3 O'Clock Things
20%
Neotheater 2 Weeks #29 AJR Birthday Party
20%
OK Orchestra 4 Weeks #32 AJR Bummerland
20%
Neotheater 15 Weeks #21 AJR Dear Winter
20%
Neotheater 1 Week #38 AJR Next Up Forever
20%
The Maybe Man 1 Week #23 AJR The Dumb Song
20%
The Maybe Man 1 Week #30 AJR Touchy Feely Fool
20%
OK Orchestra 1 Week #44 AJR OK Overture
0%
No matching quizzes found
Score Distribution
Percent of People with Each Score
Percentile by Number Answered
Your Score History
You have not taken this quiz since the last reset